Loading...
Vyaja sammathiyude nirmiti: Madhyama vimarsham 2000
| Main Author: | |
|---|---|
| Format: | Printed Book |
| Published: |
Thiruvananthapuram
Chintha publishers
2009
|
| LEADER | 00446nam a22001217a 4500 | ||
|---|---|---|---|
| 020 | |a 978812620536406 | ||
| 082 | |a 894.8124 |b THO.V | ||
| 100 | |a Thomas Isaac T M | ||
| 245 | |a Vyaja sammathiyude nirmiti: Madhyama vimarsham 2000 | ||
| 260 | |a Thiruvananthapuram |b Chintha publishers |c 2009 | ||
| 942 | |c BK | ||
| 999 | |c 3670 |d 3670 | ||
| 952 | |0 0 |1 0 |4 0 |6 894_812400000000000_THO_V |7 0 |8 NFIC |9 3669 |a CAMPUS |b CAMPUS |d 2015-05-07 |l 0 |o 894.8124 THO.V |p 20587 |r 2015-05-07 |w 2015-05-07 |y BK | ||